"Viel Vieh, wenig Bedürfnisse"
| Titel: | "Viel Vieh, wenig Bedürfnisse" : Scharnhorst - der preußische Reformer und der deutsche Osten |
|---|---|
| Verfasser: | |
| In: |
Das Ostpreußenblatt, Band 51, Heft 32 (2000), Seite 12, Abb. alle Artikel anzeigen |
| Veröffentlicht: | 2000 |
| Format: | Aufsatz |
| Sprache: | Deutsch |
X
alg: 39149247 001A $01999:11-11-16 001B $01999:15-05-21 $t20:54:47.000 001C $06050:19-11-16 $t09:17:45.000 001D $01999:11-11-16 001U $0utf8 001X $00 002@ $0Aox 003@ $0391492470 007A $0391492470 $aHEB 007T $0Herd38785 010@ $ager 011@ $a2000 021A $a"Viel Vieh, wenig Bedürfnisse" $dScharnhorst - der preußische Reformer und der deutsche Osten 028A $aHornung $dKlaus 031A $d51 $e32 $h12, Abb. $j2000 039B $aIn $8--Abvc--. Das @Ostpreußenblatt. - Hamburg : Landsmannschaft, 1950-2003. - ISSN 0947-9597 $x200000000510032988 $9047780835 045F $a929.094382 $eDDC23BSB 045F/01 $a929 045F/03 $g4382 045F/03 $g43832 045T $a7,41 $a8,1 lok: 39149247 78 exp: 39149247 78 1 #EPN 201B/01 $005-02-21 $t23:13:18.000 201U/01 $0utf8 203@/01 $0787586609 208@/01 $a11-11-16 $be 209A/01 $a/ $f000 $x00 220C/01 $aTitelaufnehmer: mt 244Z/01 $2Trx $#Prusy Wschodnie i Zachodnie $8--Trx--Ost- und Westpreußen $x01 $939113373X 244Z/01 $aGeschichte 1806-1813 $x02 244Z/01 $#Scharnhorst, Gerhard Johann David $#Scharnhorst, Gerhard Joh. David von $#Scharnhorst, Gerhard David von $#Scharnhorst, Gebhard David von $#Scharnhorst, Gerhard Johann David von $#Scharnhorst, G. H. von $#Scharnhorst, Gebhard von $#Scharnhorst $#Scharnhorst, Gerhard J. von $#Scharnhorst, Gerhard D. von $#Scharnhorst, G.H.D. $#Scharnhorst, G. $#Scharnhorst, Gerhard Hans David von $#Scharnhorst, Gerhard $#Scharnhorst, Gebhard $#Scharnhorst $#Scharnhorst, G. von $7118606557 $8--Tp1--Scharnhorst, Gerhard$cvon$Z1755-1813 $x03 $9086947532 244Z/01 $2Trx $#reformid, preisi 1807-1814 $#Prūsijos reformos 1807-1914 $#reforms, Prussian 1807-1814 $#reformok, porosz 1807-1814 $#reformy pruskie 1807-1814 $#reformy pruské 1807-1814 $#reformy pruské 1807-1814 $8--Trx--Reformen, preußische$g1807-1814 $x04 $9391377671 244Z/01 $2Trx $#ohvitserid $#karininkai $#Officers $#katonatisztek $#oficerowie $#dôstojníci $#důstojníci $#Heerführer $#velitelia vojenskí $#velitelé vojenští $8--Trx--Offiziere $x05 $939136779X 244Z/01 $2Trx $8--Trx--Zeitschriftenaufsatz $x06 $9391384341 245Z/01 $a12.03 $x01 247C/01 $82080>Marburg/Lahn, Herder-Institut, Forschungsbibliothek, Bibliographieportal $9336309341
| LEADER | 00000caa a22000002c 4500 | ||
|---|---|---|---|
| 001 | 391492470 | ||
| 003 | DE-603 | ||
| 005 | 20210515205447.0 | ||
| 007 | tu | ||
| 008 | 161111s2000 xx |||| | u00||u|ger c | ||
| 035 | |a (DE-599)HEB391492470 | ||
| 040 | |a DE-603 |b ger |c DE-603 |d DE-603 | ||
| 041 | |a ger | ||
| 082 | 0 | 4 | |8 1\u |a 929.094382 |q DE-101 |2 23/BSB |
| 084 | |a 7,41 |a 8,1 |2 ssgn | ||
| 085 | |8 1\u |b 929 | ||
| 085 | |8 1\u |z 2 |s 4382 | ||
| 085 | |8 1\u |z 2 |s 43832 | ||
| 100 | 1 | |a Hornung, Klaus | |
| 245 | 0 | 0 | |a "Viel Vieh, wenig Bedürfnisse" |b Scharnhorst - der preußische Reformer und der deutsche Osten |
| 264 | 0 | |c 2000 | |
| 773 | 0 | 8 | |i In |t Das Ostpreußenblatt |d Hamburg : Landsmannschaft, 1950-2003 |x 0947-9597 |g Band 51, Heft 32 (2000), Seite 12, Abb. |w (DE-603)047780835 |w (DE-600)529299-2 |
| 924 | 0 | |9 2080 |a (DE-603)787586609 |b DE-2080 |c HES |d d |g / | |


